| 000 | 00481nam a22001697a 4500 | ||
|---|---|---|---|
| 005 | 20251108172743.0 | ||
| 008 | 250721s9999 xx 000 0 ara d | ||
| 082 | 1 | 4 | _a811.1/ديو |
| 100 | 1 | _aالطباع، عمر فاروق | |
| 245 | 1 | 0 | _aديوان عامر بن الطفيل / |
| 264 | 1 |
_aبيروت : _bدار القلم، _c[19-]. |
|
| 300 | _a94ص. | ||
| 650 | 1 | 7 | _aالشعر العربي |
| 650 | 1 | 7 | _aالعصر الجاهلي |
| 942 |
_2ddc _cBK |
||
| 999 |
_c87621 _d87621 |
||